Parkinson's law or the Pursiot of progress / (Record no. 116273)

MARC details
000 -LEADER
campo de control de longitud fija 00516nam a2200157 4500
001 - NÚMERO DE CONTROL
campo de control 116273
003 - IDENTIFICADOR DE NÚMERO DE CONTROL
campo de control ES-MaACL
007 - CAMPO FIJO DE DESCRIPCIÓN FÍSICA--INFORMACIÓN GENERAL
campo de control de longitud fija t|
008 - DATOS DE LONGITUD FIJA--INFORMACIÓN GENERAL
campo de control de longitud fija 061121s1962 xxk r ||||1| eng d
100 1# - ENTRADA PRINCIPAL--NOMBRE DE PERSONA
Nombre de persona Parkinson, C. Northcote.
9 (RLIN) 89190
245 10 - MENCIÓN DEL TÍTULO
Título Parkinson's law or the Pursiot of progress /
Mención de responsabilidad, etc. Northcote, C. Parkinson ; with illustrations by Osbert Lancaster.
260 ## - PUBLICACIÓN, DISTRIBUCIÓN, ETC.
Lugar de publicación, distribución, etc. London :
Nombre del editor, distribuidor, etc. John Murray,
Fecha de publicación, distribución, etc. 1962.
300 ## - DESCRIPCIÓN FÍSICA
Extensión 128 p. :
Otras características físicas il ;
Dimensiones 18 cm.
700 1# - ENTRADA AGREGADA--NOMBRE PERSONAL
Nombre de persona Lancaster, Osbert.
9 (RLIN) 69894
852 ## - LOCALIZACIÓN
Ubicación ES-MaACL
Número de control de estantería E-5975
Sublocalización o colección R.90474
Holdings
Estatus retirado Estado de pérdida Estado de daño No para préstamo Biblioteca de origen Biblioteca actual Ubicación en estantería Fecha de adquisición Fuente de adquisición Total de préstamos Signatura topográfica completa Código de barras Visto por última vez Precio de reemplazo Tipo de ítem Koha
        Biblioteca del Ateneo de Madrid Biblioteca del Ateneo de Madrid Depósito 2 17/01/2008     E-5975 1121249 23/02/2023 23/02/2023 Libro impreso